00413nam a22001457a 4500003000400000005001700004008004100021020001800062040002300080050001900103082001900122100002200141245008600163260001800249OSt20211005171122.0211005b |||||||| |||| 00| 0 eng d a0-8213-3878-1 cHawassa University a630.715/PURb1 a630.715/PURb1 aPurcell,Dennis L. aAgricultural Extension and Research Achievements and Problems in National Systems aAmericac1997